000
00226nam a22000857a 4500
008
160810b xxu||||| |||| 00| 0 eng d
100
_9
102
_a
Sharma N.K
245
_a
Exam kit-Chemistry-XII
260
_a
New Delhi
_b
L.P Publication
_c
2011
999
_c
2755
_d
2755